The seeds of time /

Bibliographic Details
Main Author: Wyndham, John, 1903-1969
Format: Book
Language:English
Published: London : Joseph, 1956, 1974 printing.
Subjects:

MARC

Tag First Indicator Second Indicator Subfields
LEADER 00000cam a2200000 i 4500
001 in00000041576
005 20151007074624.0
008 761023s1956 enk 000 1 eng
010 |a  76377660  
015 |a GB*** 
019 |a 831094  |a 22934756  |a 59029416 
020 |a 0718103629 :  |c £2.00 
020 |a 9780718103620 
029 1 |a UKM  |b b5613413 
029 1 |a NLGGC  |b 86442468X 
029 1 |a NZ1  |b 3606896 
029 1 |a NZ1  |b 5619262 
035 |a (OCoLC)ocm02912953 
035 |a (OCoLC)02912953 
035 |9 AAF1826AM 
035 |a (OCoLC)2912953  |z (OCoLC)831094  |z (OCoLC)22934756  |z (OCoLC)59029416 
040 |a DLC  |c DLC  |d UKM  |d BTCTA  |d UtOrBLW 
049 |a TXAM 
050 0 0 |a PZ3.H2422  |b Sg5  |a PR6045.Y64 
082 0 0 |a 823/.9/12 
090 |a PR6045.Y64  |b S44 1956 
100 1 |a Wyndham, John,  |d 1903-1969. 
245 1 4 |a The seeds of time /  |c John Wyndham [as printed]. 
264 1 |a London :  |b Joseph,  |c 1956, 1974 printing. 
300 |a 253 pages ;  |c 20 cm. 
336 |a text  |b txt  |2 rdacontent 
337 |a unmediated  |b n  |2 rdamedia 
338 |a volume  |b nc  |2 rdacarrier 
505 0 |a Chronoclasm.--Time to rest.--Meteor.--Survival.--Pawley's peepholes.--Opposite number.--Pillar to post.--Dumb Martian.--Compassion circuit.--Wild flower. 
650 0 |a Science fiction, English. 
938 |a Baker and Taylor  |b BTCP  |n 76377660  |c £2.00 
949 |a updated  |b h  |c 2007/10/3  |e tchubary  |f 1:09:46 pm 
994 |a C0  |b TXA 
999 |a MARS 
999 f f |s c8213087-4c37-3ab2-867a-e4a780ccc889  |i d84d2245-75d7-3eba-90a8-bf7a300cb5f3  |t 0 
952 f f |p noncirc  |a Texas A&M University  |b College Station  |c Cushing Memorial Library & Archives  |d Cushing: Science Fiction (Does not check out)  |t 0  |e PR6045.Y64 S44 1956  |h Library of Congress classification  |i unmediated -- volume  |m A14800414832 
952 f f |p noncirc  |a Texas A&M University  |b College Station  |c Cushing Memorial Library & Archives  |d Cushing: Science Fiction (Does not check out)  |t 0  |e PR6045.Y64 S44 1956  |h Library of Congress classification  |i unmediated -- volume  |m A14853412241 
998 f f |a PR6045.Y64 S44 1956  |t 0  |l Cushing: Science Fiction (Does not check out) 
998 f f |a PR6045.Y64 S44 1956  |t 0  |l Cushing: Science Fiction (Does not check out)